Nguyễn Văn Tố và hội truyền bá Quốc ngữ: Một thành công của đường lối vận động trí thức của cách mạng VIệt Nam /
Wedi'i Gadw mewn:
| Prif Awdur: | |
|---|---|
| Fformat: | Erthygl |
| Iaith: | Vietnamese |
| Pynciau: | |
| Tagiau: |
Ychwanegu Tag
Dim Tagiau, Byddwch y cyntaf i dagio'r cofnod hwn!
|
| Thư viện lưu trữ: | Thư viện Trường Đại học Đà Lạt |
|---|
| LEADER | 00846nam a2200265 4500 | ||
|---|---|---|---|
| 001 | DLU090102401 | ||
| 005 | ##20091221 | ||
| 040 | # | # | |a DLU |b vie |
| 041 | # | # | |a vie |
| 044 | # | # | |a vn |
| 100 | # | # | |a Đinh Xuân Lâm. |
| 245 | # | # | |a Nguyễn Văn Tố và hội truyền bá Quốc ngữ: |b Một thành công của đường lối vận động trí thức của cách mạng VIệt Nam / |c Đinh Xuân Lâm. |
| 653 | # | # | |a Đường lối cách mạng |
| 653 | # | # | |a Chữ Quốc ngữ |
| 653 | # | # | |a Chữ viết |
| 773 | # | # | |t Xưa nay |g Số 6(310), 2008, tr. 4-6 |
| 920 | # | # | |a Phòng Tạp chí -- Trung tâm Thông tin - Thư viện Trường Đại học Đà Lạt |
| 994 | # | # | |a DLU |
| 900 | # | # | |a True |
| 911 | # | # | |a Nguyễn Thị Linh Chi |
| 925 | # | # | |a G |
| 926 | # | # | |a A |
| 927 | # | # | |a BB |
| 980 | # | # | |a Thư viện Trường Đại học Đà Lạt |